000
00374nam a2200169Ia 4500
008
170705s9999 xx 000 0 und d
020
_a
9780590430494
245
_a
Swimmy /
245
_c
Leo Lionni.
260
_a
New York :
260
_b
Scholastic,
260
_c
1963
300
_a
unpaged :
300
_b
color illustration ;
300
_c
23cm.
500
_a
640
999
_c
336090
_d
336090